Design of a 1.5 KW windmill (Record no. 323927)

000 -LEADER
fixed length control field 00306 a2200133 4500
001 - CONTROL NUMBER
control field 88854
082 ## - DEWEY DECIMAL CLASSIFICATION NUMBER
Classification number PR 777
090 ## - LOCALLY ASSIGNED LC-TYPE CALL NUMBER (OCLC); LOCAL CALL NUMBER (RLIN)
-- 41995
-- 41995
100 ## - MAIN ENTRY--PERSONAL NAME
Personal name Juzer Basrai
245 ## - TITLE STATEMENT
Title Design of a 1.5 KW windmill
260 ## - PUBLICATION, DISTRIBUTION, ETC.
Place of publication, distribution, etc. Karachi
Name of publisher, distributor, etc. NED
Date of publication, distribution, etc. 1981
300 ## - PHYSICAL DESCRIPTION
Extent 130p.
Accompanying material Hassan S.A
500 ## - GENERAL NOTE
General note BE Project Reports
942 ## - ADDED ENTRY ELEMENTS (KOHA)
Institution code [OBSOLETE] CAE NUST
Call number prefix PR 777
Holdings
Withdrawn status Lost status Damaged status Not for loan Collection code Permanent Location Current Location Date acquired Total Checkouts Full call number Barcode Date last seen Price effective from Koha item type
          College of Aeronautical Engineering (CAE) College of Aeronautical Engineering (CAE) 04/03/2017   PR 777 CAEPR-777 04/05/2017 04/05/2017 Book
© 2023 Central Library, National University of Sciences and Technology. All Rights Reserved.